| 000 | 00962nam a2200241 a 4500 | ||
|---|---|---|---|
| 001 | 80460 | ||
| 003 | BD-RjUL | ||
| 005 | 20230604103449.0 | ||
| 008 | 220928s2010 bg b|||| m||| 00| 0 eng d | ||
| 035 | _a(BD-RjUL)80460 | ||
| 040 |
_aBD-RjUL _beng _cBD-RjUL _dBD-RjUL |
||
| 041 | _aeng | ||
| 082 |
_a630.95492 _bKAA 2010 _223 |
||
| 100 |
_aKabir, Dewan Muhammad Humayun _95058 |
||
| 245 | 0 | 1 |
_aAgrobiodiversity and Farmers' Rights : _bDynamics and Bangladesh's Policy Responses / _cDewan Muhammad Humayun Kabir ; _6Supervision : Gour Pada Ghosh |
| 260 |
_aRajshahi : _bInstitute of Bangladesh Studies, University of Rajshahi, _c2010 |
||
| 300 |
_axxviii, 441 Leaves : _bill, ; _c29 cm. |
||
| 502 | _aThesis (ph. D.) -- Institute of Bangladesh Studies, University of Rajshahi, 2010 | ||
| 504 | _aBibliography : Leaves 366-391 | ||
| 650 |
_aAgrabiodiversity _vFarmers Rights _zBangladesh _95059 |
||
| 700 |
_aGhosh, Gour Pada, Supervision _95060 |
||
| 942 |
_2ddc _cTHE |
||
| 999 |
_c80460 _d80460 |
||